Tennisti con più Titoli ATP Tour Masters 1000 - Statistics

Statistiche generali
  • Questo quiz è stato fatto 21 volte
  • Il punteggio medio è 10 su 15
Statistiche sulle risposte
Nazione Titoli ATP Masters 1000 Tennista % Corretto
Stati Uniti 17 Andre Agassi
100%
Serbia 39 Novak Djokovic
100%
Stati Uniti 11 Pete Sampras
100%
Spagna 36 Rafael Nadal
100%
Svizzera 28 Roger Federer
100%
Regno unito 14 Andy Murray
90%
Germania 5 Alexander Zverev
80%
Germania Ovest / Germania 5 Boris Becker
70%
Stati Uniti 5 Andy Roddick
60%
Brasile 5 Gustavo Kuerten
55%
Austria 8 Thomas Muster
50%
Russia 5 Marat Safin
45%
Cile 5 Marcelo Ríos
45%
Stati Uniti 5 Jim Courier
20%
Stati Uniti 7 Michael Chang
20%
Nessun quiz corrispondente trovato
Distribuzione punteggi
Percentuale di utenti per punteggio
Percentile per numero di risposta
I tuoi punteggi nel tempo
Non hai fatto questo quiz